00737nam a22002057a 4500003000900000005001700009007000300026008004100029020001800070040002600088082001400114100002400128245011000152260003600262300002200298490005000320500007400370700003700444830005000481DO-SdBNP20220412115755.0ta220131e2001 dr ||||gr|||| 001 0 spa d a9789993472050 aDO-SdBNPbspacBNPHU  4222bM475c1 aMasa Miguel, Manuel10aCruzando encrucijadas /cManuel Pablo Maza Miquel ; corrección y supervisión José Alfredo Guerrero. aSanto Domingo :bTaller, c2001 a156 p. :c23 cm.  aInstituto Filosófico Pedro Francisco Bonó aIncluye referencias bibliográficas y notas al pie de las páginas.1 aGuerrero, José Alfredo,ecorr. aInstituto Filosófico Pedro Francisco Bonó